00387nam a2200133Ia 450000500170000000800410001704100080005808200170006610000170008324500910010026000380019130000090022965000150023820250729165332.0250729s2005 xx 000 0 und d aeng a371.333 AGGE aAggarwal J C aTheory and principales of Education: philosophyical and sociological basesof education aNew DelhibVikas Publishingc2005 a463p aTechnology